Normal view
MARC view
Entry Topical Term
001 - CONTROL NUMBER
- control field: 38351
003 - CONTROL NUMBER IDENTIFIER
- control field: ARRUPE
005 - DATE AND TIME OF LATEST TRANSACTION
- control field: 20180110154240.0
008 - FIXED-LENGTH DATA ELEMENTS
- fixed length control field: 180110|| aca||aabn | a|a d
040 ## - CATALOGING SOURCE
- Original cataloging agency: ARRUPE
- Transcribing agency: ARRUPE
150 ## - HEADING--TOPICAL TERM
- Topical term or geographic name as entry element: Hovas
670 ## - SOURCE DATA FOUND
- Source citation: Work cat.: (ARRUPE)0: Bloch, Maurice. 30376, Placing the dead:, 1971.